000 02031nas a2200541 i 4500
001 196101
003 ES-MaACL
005 20250217134945.0
007 ta
008 240812c20189999sp mr p 0 b0cat
010 _an
_b0
015 _aREV1901
017 _aB 26358-2018
_bOficina Depósito Legal Barcelona
022 0 _a2604-6113
_2_u
035 _a(OCoLC)1091705669
035 _a(SpMaBN)a6441579
035 _a991019592819708606
037 _bRoger de Llúria, 115, 1-2, 28037; c.e.: informacio@politicaprosa.com, p. web: www.politicaprosa.com
040 _aSpMaBN
_bspa
_cSpMaBN
_erdc
_dES-MaACL
080 _a325.8(460.23)
080 _a32(460.23)"20"
210 0 _aPolít. prosa
222 0 _aPolítica & prosa
245 0 0 _aPolítica & prosa
246 3 _aPolítica i prosa
246 3 _aPolítica&prosa
260 _aBarcelona :
_bPolítica & Prosa,
_cD.L. 2018-
300 _av. ;
_c24 cm
310 _aMensual
336 _aTexto (visual)
_2isbdcontent
337 _asin mediación
_2isbdmedia
338 _2rdacarrier
_avolumen
362 0 _aNúm. 1 (nov. 2018)-
515 _aLos números 0 y 00 únicamente en soporte electrónico
515 _aMantiene la numeración de la edición en línea
588 _aDescripción basada en: n. 52 (feb. 2023)
594 _aTítulo tomado de la cubierta
650 0 _aMovimientos independentistas-
_zCataluña
_2embne
_9176488
651 7 _aCataluña
_xPolítica y gobierno
_yS.XXI
_2embne
_9238254
655 7 _9226866
_aRevistas
776 0 8 _iVersión en línea
_tPolítica & prosa (Internet) =
_xISSN 2604-708X
_0196102
_w196102
852 _aES-MaACL
_cHEM
_jHEM-1924
_hDonación: Editorial
_zRevista Viva
_zCasillero actual: Cº 37
_9196101
856 4 _uhttps://dialnet.unirioja.es/servlet/revista?codigo=26445
_zSumarios de la revista en Dialnet
866 _o2023-
942 _2udc
_n0
_cPERIODICA
955 _bOrex Digital
999 _c196101
_d196101